| 000 | 00768nam a22002417a 4500 | ||
|---|---|---|---|
| 999 |
_c955 _d955 |
||
| 001 | 955 | ||
| 003 | BD-JhCC | ||
| 005 | 20171012085154.0 | ||
| 008 | 171011s2000 bg |||| |||| 00| 0 ben d | ||
| 020 | _a9844101654 | ||
| 035 | _a(BD-JhCC)955 | ||
| 040 |
_aBD-JhCC _dBD-JhCC |
||
| 041 | _aeng | ||
| 082 |
_a891.4435 _bHOS 2000 |
||
| 100 | _aহুসাইন, কাওসার | ||
| 245 |
_aছোটগল্পের বিশ্বসংকলন : _bছোট প্রাণ ছোট ব্যথা / _cকাওসার হুসাইন |
||
| 260 |
_aঢাকাঃ _bমাওলা ব্রাদার্স, _c2000 |
||
| 300 |
_a258 p. : _c22 cm. |
||
| 650 | _aShort Stories Bengali | ||
| 651 | _aBangladesh | ||
| 942 |
_2ddc _cBK |
||